Villes de l'Indre en images - Statistiques

Statistiques générales
  • Ce quiz a été pris 57 fois
  • Le résultat moyen est 6 sur 18
Statistiques - réponses
Par images Hint Réponse % Correct
C Chateauroux
98%
L (B) Le Blanc
70%
V Valençay
70%
I Issoudun
64%
A Argenton-sur-Creuse
57%
L (P) Le Poinçonnet
43%
D Déols
38%
B Bouges-le-Château
36%
V Vatan
36%
G Gargilesse-Dampierre
21%
A Azay-le-Ferron
19%
S Sarzay
17%
V Villedieu-sur-Indre
17%
A Ardentes
15%
S Saint-Benoît-du-Sault
11%
P Poulaines
9%
S Saint-Maur
9%
C Chabris
6%
Aucun quiz correspondant
Distribution des résultats
% des personnes avec chaque résultat
Percentile par nombre de réponses
Votre historique - résultats
Vous n’avez pas pris ce quiz